000 00404nam a22001697a 4500
999 _c1026
_d1026
008 200107b ||||| |||| 00| 0 eng d
082 0 0 _a671
_bJ661
100 _9598
_aJohnson, S.
245 1 0 _aDrop forging practice
_cby S Johnson
250 _a1st
260 _aLondon
_bCharles Griffin
_c1937
300 _axii,108p.
365 _d3.02
650 0 _aForging
700 _9600
_aWarby, J.
942 _cBK